Biblioteca y Centro de Documentación

Employment status and job quality (Registro nro. 51102)

Detalles MARC
000 -CABECERA
Longitud fija campo de control 01608nam a2200385 c 4500
001 - NÚMERO DE CONTROL
Número de control 51102
003 - IDENTIFICADOR DE NÚMERO DE CONTROL
Identificador del número de control ES-MaCES
005 - FECHA Y HORA DE LA ÚLTIMA TRANSACCIÓN
Fecha y hora de la última transacción 20190122121335.0
007 - PHYSICAL DESCRIPTION FIXED FIELD--GENERAL INFORMAT
Campo fijo de descripción física cr |||||||||||
008 - CAMPO FIJO DE DESCRIPCIÓN FIJA--INFORMACIÓN GENERAL
Códigos de información de longitud fija   190121s2018 ie r m000 | eng d
040 ## - FUENTE DE CATALOGACIÓN
Centro catalogador de origen ES-MaCES
Lengua de catalogación spa
Centro transcriptor ES-MaCES
100 1# - ENCABEZAMIENTO PRINCIPAL--NOMBRE PERSONAL
9 (RLIN) 39432
Nombre de persona Gevaert, Jessie
245 10 - MENCIÓN DE TÍTULO
Título Employment status and job quality
Medio Recurso electrónico
Resto del título : working conditions : does employment status matter for job quality?
Mención de responsabilidad, etc. [authors, Jessie Gevaert, Deborah De Moortel and Christophe Vanroelen]
260 ## - PUBLICACIÓN, DISTRIBUCIÓN, ETC (PIE DE IMPRENTA)
Lugar de publicación, distribución, etc. [Dublin]
Nombre del editor, distribuidor, etc. Eurofound, European Foundation for the Improvement of Living and Working Conditions
Fecha de publicación, distribución, etc. [2018]
300 ## - DESCRIPCIÓN FÍSICA
Extensión 1 documento pdf
Dimensiones (2,71 mb)
490 1# - MENCIÓN DE SERIE
Mención de serie Working paper
Designación de volumen o secuencia WPEF18005
500 ## - NOTA GENERAL
Nota general Resumen
541 ## - NOTA DE LA FUENTE INMEDIANTE DE ADQUISICIÓN
Forma de adquisición Gratuito
650 #4 - ASIENTO SECUNDARIO DE MATERIA--TÉRMINO DE MATERIA
Término de materia o nombre geográfico como elemento inicial condiciones de trabajo
9 (RLIN) 28327
650 #7 - ASIENTO SECUNDARIO DE MATERIA--TÉRMINO DE MATERIA
Término de materia o nombre geográfico como elemento inicial condiciones de empleo
9 (RLIN) 30040
650 #7 - ASIENTO SECUNDARIO DE MATERIA--TÉRMINO DE MATERIA
Término de materia o nombre geográfico como elemento inicial contrato de trabajo
9 (RLIN) 28316
650 #7 - ASIENTO SECUNDARIO DE MATERIA--TÉRMINO DE MATERIA
Término de materia o nombre geográfico como elemento inicial calidad de la vida de trabajo
9 (RLIN) 30024
650 #7 - ASIENTO SECUNDARIO DE MATERIA--TÉRMINO DE MATERIA
Término de materia o nombre geográfico como elemento inicial UE
9 (RLIN) 26752
650 #7 - ASIENTO SECUNDARIO DE MATERIA--TÉRMINO DE MATERIA
Término de materia o nombre geográfico como elemento inicial país de la UE
9 (RLIN) 29020
650 #7 - ASIENTO SECUNDARIO DE MATERIA--TÉRMINO DE MATERIA
Término de materia o nombre geográfico como elemento inicial política de empleo
9 (RLIN) 28300
650 #7 - ASIENTO SECUNDARIO DE MATERIA--TÉRMINO DE MATERIA
Término de materia o nombre geográfico como elemento inicial repertorio de recomendaciones prácticas
9 (RLIN) 29261
653 10 - TÉRMINO DE INDEXACIÓN--NO CONTROLADO
Término no controlado Empleo
700 1# - ENCABEZAMIENTO SECUNDARIO--NOMBRE PERSONAL
9 (RLIN) 39433
Nombre de persona De Moortel, Deborah
700 1# - ENCABEZAMIENTO SECUNDARIO--NOMBRE PERSONAL
9 (RLIN) 39434
Nombre de persona Vanroelen, Christophe
710 2# - ENCABEZAMIENTO SECUNDARIO--NOMBRE CORPORATIVO
9 (RLIN) 3819
Nombre de entidad o nombre de jurisdicción como elemento inicial Fundación Europea para la Mejora de las Condiciones de Vida y de Trabajo
Término indicativo de función ed.
830 #0 - ENCABEZAMIENTO SECUNDARIO DE COLECCIÓN--TÍTULO UNIFORME
9 (RLIN) 32623
Título uniforme Working papers (Fundación Europea para la Mejora de las Condiciones de Vida y de Trabajo)
Designación de volumen o secuencia WPEF18005
856 4# - ACCESO ELECTRÓNICO
Identificador Uniforme del Recurso (URI) http://biblioteca.ces.es/repintra/B51102.pdf
Texto del enlace texto completo
Nota pública [intranet]
902 ## - CES. TIPO DE DOCUMENTO
Tipodoc (006$c Sirtex) ELE PUB. ELECTRONICA
942 ## - ELEMENTOS KOHA
Fuente de clasificaión o esquema Clasificación propia del CES
Koha [por defecto] tipo de item Monografías
Parte de clasificación Empleo

No hay ítems disponibles.

© CES, Consejo Económico y Social de España 2021